000
00265nam a2200109Ia 4500
008
190907s9999||||xx |||||||||||||| ||und||
100
_a
Bhaiji,Yusuf
245
0
_a
CCIE Security Practice Labs
260
_a
New york
_b
Prentice Hall
_c
2004
300
_a
517
942
_c
BK
999
_c
6337
_d
6337